Ochrana pred rtg. žiarením

Bibliographic Details
Main Author: Lesný, E. (Author)
Format: Article
Language:Slovak

MARC

LEADER 00000nab a2200000 a 4500
001 vtls010729386
003 SK-MaSNL
005 20260304191901.0
008 250709s1951 xo |||||||||||||||||slo|
035 |a (urnnbn)urn:nbn:sk:snk:ar-a0553b 
035 |a (uuid)26bbbb66-ccf0-4fa6-a1be-f513c096941c 
035 |a urn:nbn:sk:snk-ab3sei 
040 |a SNKBUCL  |b slo  |c SNKBUCL  |e AACR2 
041 0 |a slo 
044 |a xo  |c SK 
100 1 |a Lesný, E.  |4 aut  |9 1120166 
245 1 0 |a Ochrana pred rtg. žiarením  |c E. Lesný 
773 0 |t Slovenský lekár  |g Roč. 13, č. 11 (1951), s. 510-513 
850 |a Slovenská národná knižnica 
852 |a Slovenská národná knižnica 
954 |a odborná, vedecká literatúra pôvodná (slovenská)  |2 lita 
958 |a article1 
958 |a OND 
958 |a EUIPO 
999 |c 3057166  |d 3059096